000 00329nam a2200133Ia 4500
008 240624s9999 xx 000 0 und d
041 _aeng
082 _a338.1 MAR
100 _aMARTIN CARIN
245 _aWORLD OF AGRICULTURAL ECONOMICS AN INTRO
260 _c2012
_aLondon
_bRoutledge
300 _a256 : p.
365 _cGBP
_b28
999 _c22178
_d22178